[Event "Copenhagen Challenge"]
[Site "Ballerup"]
[Date "2015.05.02"]
[Round "6"]
[White "Aladiyur Paramasivan, Dharanidar"]
[Black "Nielsen, Thomas1"]
[Result "1/2-1/2"]
[WhiteElo "1427"]
[BlackElo "1643"]
[PlyCount "135"]
[EventDate "2015.04.29"]
[EventType "swiss"]
[EventRounds "9"]
[EventCountry "DEN"]
[SourceTitle "CBM 166 Extra"]
[Source "ChessBase"]
[SourceDate "2015.06.18"]
[SourceVersion "1"]
[SourceVersionDate "2015.06.18"]
[SourceQuality "1"]

1. d4 e6 2. Nf3 d5 3. c4 Nf6 4. Nc3 c5 5. e3 cxd4 6. exd4 Bb4 7. a3 Bxc3+ 8. bxc3 Ne4 9. Bd3 Nxc3 10. Qc2 dxc4 11. Qxc3 cxd3 12. Qxd3 Nc6 13. 0-0 0-0 14. Re1 Re8 15. Bb2 e5 16. Qc3 exd4 17. Rxe8+ Qxe8 18. Nxd4 Nxd4 19. Qxd4 f6 20. Bc3 Bf5 21. Re1 Qd7 22. Qxd7 Bxd7 23. f3 Rc8 24. Re3 Kf7 25. Kf2 Rc4 26. Ke2 Rh4 27. h3 Bb5+ 28. Kf2 Rc4 29. g3 Rc6 30. f4 g6 31. h4 f5 32. Ke1 Ba4 33. Kd2 Rd6+ 34. Kc1 Bc6 35. Kc2 Be4+ 36. Kb2 Ke6 37. Bb4 Rc6 38. Rc3 Rb6 39. Kc1 Rb5 40. Kb2 a5 41. Rc5 Rxc5 42. Bxc5 Kd5 43. Bb6 a4 44. Kc3 Bb1 45. Bd8 Ke4 46. Kc4 Kf3 47. Kc5 Kxg3 48. Bg5 h6 49. Bxh6 Kxh4 50. Bg5+ Kg4 51. Kb6 Be4 52. Kb5 Bc6+ 53. Kb6 Kf3 54. Kc5 Ke4 55. Kc4 Bd7 56. Bh6 Be8 57. Bg5 b5+ 58. Kb4 Kd5 59. Bh6 Ke6 60. Bg5 Kf7 61. Kc5 Ke6 62. Kd4 Kd6 63. Kc3 Kc5 64. Be7+ Kd5 65. Kb4 Kd4 66. Bf6+ Kd5 67. Bg5 Bd7 68. Bf6 1/2-1/2